Hilang, hilang lenyap (Record no. 83821)

MARC details
000 -LEADER
fixed length control field 00855nam a2200277 i 4500
001 - CONTROL NUMBER
control field C2-0276370
003 - CONTROL NUMBER IDENTIFIER
control field PPAK
005 - DATE AND TIME OF LATEST TRANSACTION
control field 20180728004814.0
008 - FIXED-LENGTH DATA ELEMENTS--GENERAL INFORMATION
fixed length control field 061127s2006 my a|||| ||||| | may d
020 ## - INTERNATIONAL STANDARD BOOK NUMBER
International Standard Book Number 9836287027
040 ## - CATALOGING SOURCE
Original cataloging agency PPAK
Language of cataloging eng
Transcribing agency PPAK
Description conventions rda
082 04 - DEWEY DECIMAL CLASSIFICATION NUMBER
Classification number 591.68
Edition number 23
090 00 - LOCALLY ASSIGNED LC-TYPE CALL NUMBER (OCLC); LOCAL CALL NUMBER (RLIN)
Classification number (OCLC) (R) ; Classification number, CALL (RLIN) (NR) 591.68
Feature heading TAY
Feature heading K
100 0# - MAIN ENTRY--PERSONAL NAME
Personal name Taylor, Barbara,
Dates associated with a name 1954-
Relator term author
245 10 - TITLE STATEMENT
Title Hilang, hilang lenyap
264 #1 - PRODUCTION, PUBLICATION, DISTRIBUTION, MANUFACTURE, AND COPYRIGHT NOTICE
Place of production, publication, distribution, manufacture Kuala Lumpur :
Name of producer, publisher, distributor, manufacturer Dewan Bahasa dan Pustaka ,
Date of production, publication, distribution, manufacture, or copyright notice 2006
300 ## - PHYSICAL DESCRIPTION
Extent 22 pages :
Other physical details colour illustrations ;
Dimensions 25 cm
336 ## - CONTENT TYPE
Source rdacontent
Content type term text
337 ## - MEDIA TYPE
Source rdamedia
Media type term unmediated
338 ## - CARRIER TYPE
Source rdacarrier
Carrier type term volume
490 1# - SERIES STATEMENT
Series statement Muzium sejarah alam semula jadi yang aneh & menakjubkan
500 ## - GENERAL NOTE
General note Includes index
650 10 - SUBJECT ADDED ENTRY--TOPICAL TERM
Topical term or geographic name entry element Animals - Miscellanea.
830 #0 - SERIES ADDED ENTRY--UNIFORM TITLE
Uniform title Muzium sejarah alam semula jadi yang aneh & menakjubkan
942 ## - ADDED ENTRY ELEMENTS (KOHA)
-- dc
Koha item type Book
Holdings
Withdrawn Not for loan Current library Shelving location Date acquired Total Checkouts Full call number Barcode Date last seen Koha item type
    PD01, Kg. Bendang Raja, Kuala Nerang Pinjaman Kanak-kanak 18/12/2006   K 591.68 TAY A01128277 09/05/2018 Book
    PD03, Kg. Pulau Pisang, Jitra Pinjaman Kanak-kanak 18/12/2006   K 591.68 TAY A01128279 09/05/2018 Book
    PD07, Kg. Jelutong, Sik Pinjaman Kanak-kanak 18/12/2006   K 591.68 TAY A01128283 09/05/2018 Book
    PD08, Felda Gunung Bongsu, Kulim Pinjaman Kanak-kanak 18/12/2006   K 591.68 TAY A01128284 09/05/2018 Book
    PD11, Felda Teloi Kanan, Kuala Ketil Pinjaman Kanak-kanak 18/12/2006   K 591.68 TAY A01128287 09/05/2018 Book
    PD12, Kg. Padang, Baling Pinjaman Kanak-kanak 18/12/2006   K 591.68 TAY A01128288 09/05/2018 Book
    PD13, KEDA Lahar Tunjung, Pendang Pinjaman Kanak-kanak 18/12/2006   K 591.68 TAY A01128289 09/05/2018 Book
    PD14, Felda Sungai Tiang, Pendang Pinjaman Kanak-kanak 18/12/2006   K 591.68 TAY A01128290 09/05/2018 Book
    PD15, Kg. Naga, Kepala Batas Pinjaman Kanak-kanak 18/12/2006   K 591.68 TAY A01128291 09/05/2018 Book
    PD15, Kg. Naga, Kepala Batas Pinjaman Kanak-kanak 18/12/2006   K 591.68 TAY A01128311 09/05/2018 Book
    PD16, Kg. Jelai, Pendang Pinjaman Kanak-kanak 18/12/2006   K 591.68 TAY A01128292 09/05/2018 Book
    PD17, Kg. Binjul, Kuala Ketil Pinjaman Kanak-kanak 18/12/2006   K 591.68 TAY A01128293 09/05/2018 Book
    PD18, Kg. Wang Tepus, Jitra Pinjaman Kanak-kanak 18/12/2006   K 591.68 TAY A01128294 09/05/2018 Book
    PD20, Felda Lubuk Merbau, Pendang Pinjaman Kanak-kanak 18/12/2006   K 591.68 TAY A01128296 09/05/2018 Book
    PD23, Taman Mas Merah, Titi Gajah, Alor Setar Pinjaman Kanak-kanak 18/12/2006   K 591.68 TAY A01128299 09/05/2018 Book
    PD24, Felda Bukit Tangga, Bukit Kayu Hitam Pinjaman Kanak-kanak 18/12/2006   K 591.68 TAY A01128300 09/05/2018 Book
    PD27, Kg. Bendang Bukit, Pendang Pinjaman Kanak-kanak 18/12/2006   K 591.68 TAY A01128303 09/05/2018 Book
    PD35, Kg. Sungai Daun, Yan Pinjaman Kanak-kanak 18/12/2006   K 591.68 TAY A01128307 09/05/2018 Book
    PD37, Kg. Belat, Pendang Pinjaman Kanak-kanak 18/12/2006   K 591.68 TAY A01128309 09/05/2018 Book
    PD38, KEDA Tanjung Setol, Pendang Pinjaman Kanak-kanak 18/12/2006   K 591.68 TAY A01128310 09/05/2018 Book